Apropiaciones emergentes de tecnologías digitales en Colombia : hegemonías y contrahegemonías /
Wedi'i Gadw mewn:
| Prif Awdur: | |
|---|---|
| Fformat: | eLyfr |
| Iaith: | Sbaeneg |
| Cyhoeddwyd: |
Bogotá :
Editorial Pontificia Universidad Javeriana,
2022.
|
| Cyfres: | Colección Encuentros.
|
| Pynciau: | |
| Mynediad Ar-lein: | https://elibro.unach.elogim.com/es/lc/unach/titulos/274711 |
| Tagiau: |
Ychwanegu Tag
Dim Tagiau, Byddwch y cyntaf i dagio'r cofnod hwn!
|
MARC
| LEADER | 00000nam a2200000 i 4500 | ||
|---|---|---|---|
| 001 | ELB274711 | ||
| 003 | FINmELB | ||
| 005 | 20241121123327.0 | ||
| 006 | m o u | ||
| 007 | cr cn||||||||| | ||
| 008 | 241121s2022 ck ob 000 0 spa d | ||
| 020 | |z 9789587817294 | ||
| 020 | |a 9789587817300 |q (e-book) | ||
| 035 | |a (OCoLC)1472949608 | ||
| 040 | |a FINmELB |b spa |e rda |c FINmELB | ||
| 050 | 1 | 4 | |a HC200.I55 |b B932 2022 |
| 080 | |a 005.94(862) | ||
| 082 | 0 | 4 | |a 303.483309861 |2 23 |
| 100 | 1 | |a Buitrago Guzmán, Silvia Natalia, |e autor. | |
| 245 | 1 | 0 | |a Apropiaciones emergentes de tecnologías digitales en Colombia : |b hegemonías y contrahegemonías / |c Silvia Natalia Buitrago Guzmán. |
| 264 | 1 | |a Bogotá : |b Editorial Pontificia Universidad Javeriana, |c 2022. | |
| 300 | |a 1 recurso en línea (319 páginas) | ||
| 336 | |a texto |b txt |2 rdacontent/spa | ||
| 337 | |a computadora |b c |2 rdamedia/spa | ||
| 338 | |a recurso en línea |b cr |2 rdacarrier/spa | ||
| 490 | 1 | |a Colección Encuentros | |
| 504 | |a Incluye referencias bibliográficas. | ||
| 588 | |a Descripción basada en metadatos suministrados por el editor y otras fuentes. | ||
| 590 | |a Recurso electrónico. Santa Fe, Arg.: elibro, 2024. Disponible vía World Wide Web. El acceso puede estar limitado para las bibliotecas afiliadas a elibro. | ||
| 650 | 4 | |a Tecnologías de la información |z Colombia. | |
| 650 | 4 | |a Tecnologías de la información |x Aspectos sociales. | |
| 650 | 4 | |a Redes digitales comunitarias. | |
| 655 | 4 | |a Libros electrónicos. | |
| 797 | 2 | |a elibro, Corp. | |
| 830 | 0 | |a Colección Encuentros. | |
| 856 | 4 | 0 | |u https://elibro.unach.elogim.com/es/lc/unach/titulos/274711 |